|
|
|
|
| LEADER |
00000nam a2200000 a 4500 |
| 001 |
vtls001088967 |
| 003 |
SK-MaSNL |
| 005 |
20260302020217.0 |
| 008 |
250414s1985 xo 0 slo |
| 015 |
|
|
|a SNBA1986/09
|
| 035 |
|
|
|a SNK000031807
|
| 040 |
|
|
|a SNK
|b slo
|c SNK
|e AACR2
|
| 041 |
0 |
|
|a slo
|
| 044 |
|
|
|a xo
|c SK
|
| 080 |
|
|
|a 820-2
|2 1981
|
| 100 |
1 |
|
|a Shaw, Bernard,
|d 1856-1950
|4 aut
|9 167424
|
| 245 |
1 |
0 |
|a Pygmalion
|b Romantická hra v piatich dejstvách
|c George Bernard Shaw ; Otakar Kořínek, Jozef Szabó
|
| 250 |
|
|
|a 1. vyd.
|
| 260 |
|
|
|a Bratislava
|b Lita
|c 1985
|e Bratislava
|f LITA
|
| 300 |
|
|
|a 100 s., 4,68 AH
|c 29 cm
|
| 366 |
|
|
|e 19 Kčs.
|
| 500 |
|
|
|a Schválené MK SSR. Rozmn.
|
| 700 |
1 |
|
|a Kořínek, Otakar,
|d 1946-2025
|4 trl
|9 21456
|
| 700 |
1 |
|
|a Szabó, Jozef
|4 bkd
|9 9221
|
| 852 |
|
|
|a Slovenská národná knižnica
|
| 954 |
|
|
|a hry divadelné
|
| 958 |
|
|
|a LX
|
| 958 |
|
|
|a RM
|
| 958 |
|
|
|a UP
|
| 958 |
|
|
|a OND
|
| 999 |
|
|
|c 1024249
|d 1026179
|
| 952 |
|
|
|t P60, <04>, [BOOK], {604}
|a SNK
|b SNK
|y VYP
|7 0
|p 17A0014695
|o snkSB 40545 D1
|0 0
|1 0
|4 0
|d 1996-10-16
|l 0
|r 2004-12-31 00:00:00
|w 2026-02-24
|
| 952 |
|
|
|a SNK
|b SNK
|y PREZ
|7 0
|p 17A0836413
|o snkSB 40545
|0 0
|1 0
|4 0
|d 2012-05-07
|f 1
|l 0
|r 2025-04-25 00:00:00
|w 2026-02-24
|